THE EPIC UNITED STATES QUIZ - Statistics

General Stats
  • This quiz has been taken 27 times
  • The average score is 6 of 9
Answer Stats
Hint Answer % Correct
When did the United States declare it's independence?(The holiday) July 4, 1776
96%
Who was the 16th president of the United States? Abraham Lincoln
88%
Which state is known for their production of cheese? Wisconsin
72%
How many letters are there in the Unites States motto? 12
68%
The United States fought the _______ for their independence. British
64%
Which state has the most senators? California
64%
What did the 16th president (the only president) signed what? Emancipation Proclamation
60%
What year did the U.S buy Louisiana? 1803
48%
How many people toatal signed the Decloration of Independence? 56 People
44%
No matching quizzes found
Score Distribution
Percent of People with Each Score
Percentile by Number Answered
Your Score History
You have not taken this quiz